Statistiques concernant Personnages de la mythologie nordique

Cliquez ici pour prendre le quiz!

Statistiques générales

  • Ce quiz a été pris 115 fois
  • Le résultat moyen est 9 sur 35

Statistiques - réponses

Dieux principaux
(Ases et Vanes)
Noms% Correct
Dieu du Tonnerre, de la Protection et de la ForceThor
98%
Père de Tout, Dieu de la Victoire, de la Sagesse, de la Poésie et de la MortOdin
95%
Dieu du Feu, de la Discorde et de la SournoiserieLoki
91%
Déesse des Morts sans héroïsmeHel
57%
Gardien du Bifröst, Protecteur d'Ásgard et de MidgardHeimdall
52%
Dieu de la Guerre et de la JusticeTyr
43%
Dieu de la Vie, de la Fécondité, du Beau temps et des RécoltesFreyr
39%
Dieu de la Lumière et de la BeautéBaldr
37%
Déesse du Blé et de la Fertilité (femme de Thor)Sif
33%
Déesse de la Montagne, de la Chasse à l'Arc, des Skis et de l'HiverSkadi
27%
Déesse du Mariage, du Foyer, de la Famille et de la MaternitéFrigg
26%
Dieu de la Sagesse et des Connaissances (Odin lui donna son œil)Mímir
26%
Déesse de l'Amour, de la Beauté, de l'Or, de la Mort et de la MagieFreyja
23%
Dieu de la Force (fils de Thor et l'un des seuls survivants du Ragnarök)Magni
22%
Dieu du JourDag
20%
Déesse du SoleilSól
16%
Dieu de la LuneMáni
15%
Dieu du Courage (fils de Thor et l'un des seuls survivants du Ragnarök)Modi
13%
Dieu de la Mer, des Vents, des Marins et des PêcheursNjörd
13%
Dieu "Silencieux" (fils d'Odin associé à la vengeance)Vidar
11%
Dieu aveugle (fils d'Odin)Höd
10%
Déesse de la NuitNótt
10%
Dieu de la PoésieBragi
7%
Déesse de la Jeunesse éternelleIdunn
7%
Déesse de la Terre (mère de Thor)Jörd
7%
Déesse de la Fidélité (femme de Loki)Sigyn
7%
Dieu de la Vengeance (fils d'Odin)Vali
7%
Dieu de la sagesse (né du mélange de la salive des Ases et des Vanes)Kvasir
6%
Déesse de la Joie et de la PaixNanna
6%
Dieu de l'Hiver et des Archers (fils de Sif et époux de Skadi)Ull
6%
Dieu du Crépuscule (père de Dag)Delling
5%
Dieu de la JusticeForseti
5%
Déesse de la Tempête et de la Mort pour les marinsRán
5%
Dieu messager (fils d'Odin)Hermód
4%
Déesse de la Poésie (fille d'Odin)Sága
4%

Distribution des résultats

Percentile par nombre de réponses

% des personnes avec chaque résultat

Votre développement - résultats

Vous n’avez pas pris ce quiz